| 000 | 00424nam a2200145 a 4500 | ||
|---|---|---|---|
| 001 | 000028162 | ||
| 005 | 20200930031412.0 | ||
| 008 | 110407s1986 dr 000 p spa d | ||
| 040 |
_aDO-SdBNP _bspa _cBNPHU |
||
| 100 | 1 |
_aGonzaga _955161 |
|
| 245 | 1 | 0 |
_a10 poemas contra la evolución y mañana de invierno. / _cGonzaga. |
| 260 |
_aSanto Domingo, : _bImpresora Mangulina, _c1986. |
||
| 300 |
_a18 p. ; _c21 cm. |
||
| 049 | _aBNPD | ||
| 999 |
_c27654 _d27654 |
||